000 00311nas a22001337a 4500
001 T027600011260-00
008 190830b xxu||||| |||| 00| 0 esp |
040 _aFEVP
_cFEVP
245 _aRevista de Ciencias Sociales.
260 _c2001
300 _a356 p.
650 _aCrecimiento Urbano--Bolivia
942 _cREV
999 _c15032
_d15032